000 00804nam a22002057a 4500
999 _c194143
_d194143
005 20230301112404.0
010 _aB-746206-210 E.N.A./7.11.22
020 _a9789392594519
_c1050.00
035 _aB-746206-210
037 _bEss Ess Publications
082 _a020
100 _aBalasubramanian, P
245 _aInformation Sources and Services/
_cP Balasubramanian
260 _aNew Delhi
_bEss Ess Publications
_c2022
270 _a4831/24, Ansari Road, Daryaganj
_bNew Delhi
_e110002
_k011-23260807
300 _a248p.
_c23cm(hbk)
700 _aMary, Arogia A.
942 _2ddc
_cEN
_mBAL
_h020